000 00959nam a2200289 i 4500
001 000038690
003 DO-SdBNP
005 20241202095238.0
007 ta
008 100225s1996 dr c 000 0 spa d
040 _aDO-SdBNP
_bspa
_cBNPHU
_erda
041 _aspa
082 4 _a923.27293
_bM524cr 1996
_222
100 1 _aCruz Sánchez, Filiberto
_eautor
_4aut.
_913112
245 1 0 _aMella :
_bbiografía política /
_cFiliberto Cruz Sánchez.
264 1 _aSanto Domingo :
_bEditora El Nuevo Diario,
_c1996.
300 _a196 páginas :
_bilustraciones, retratos ;
_c22 cm.
336 _atexto
_btxt
_2rdacontent
337 _asin mediación
_bn
_2rdamedia
338 _avolumen
_bnc
_2rdacarrier
504 _aBibliografía: p. 193-196
590 _aInventariado, 2024/ YL
600 1 0 _aMella, Matías Ramón,
_d1816-1864
_91264
651 4 _aRepública Dominicana
_xBiografías
_91325
910 _aValidado. Control de calidad MFF
942 _2ddc
_cLBS1
999 _c38180
_d38180